<?xml version="1.0" encoding="UTF-8"?>
<record
    xmlns:xsi="http://www.w3.org/2001/XMLSchema-instance"
    xsi:schemaLocation="http://www.loc.gov/MARC21/slim http://www.loc.gov/standards/marcxml/schema/MARC21slim.xsd"
    xmlns="http://www.loc.gov/MARC21/slim">

  <leader>03206nam a2200577Ia 4500</leader>
  <controlfield tag="001">948</controlfield>
  <controlfield tag="008">241029s9999    xx            000 0 und d</controlfield>
  <datafield tag="010" ind1=" " ind2=" ">
    <subfield code="a">868</subfield>
  </datafield>
  <datafield tag="041" ind1=" " ind2=" ">
    <subfield code="a">Espa&#xF1;ol</subfield>
  </datafield>
  <datafield tag="082" ind1=" " ind2=" ">
    <subfield code="a">NO APLICA</subfield>
  </datafield>
  <datafield tag="245" ind1=" " ind2="0">
    <subfield code="a">Evaluaci&#xF3;n de los estudiantes frente al desempe&#xF1;o de los docentes en las aulas universitarias CURE -UASD. Curso de Verano semestre 2011-1</subfield>
  </datafield>
  <datafield tag="260" ind1=" " ind2=" ">
    <subfield code="a">La Altagracia</subfield>
  </datafield>
  <datafield tag="300" ind1=" " ind2=" ">
    <subfield code="a">79</subfield>
  </datafield>
  <datafield tag="520" ind1=" " ind2=" ">
    <subfield code="a">30</subfield>
  </datafield>
  <datafield tag="630" ind1=" " ind2=" ">
    <subfield code="a">Desempe&#xF1;o Docente</subfield>
  </datafield>
  <datafield tag="630" ind1=" " ind2=" ">
    <subfield code="a">Estrategia Docente</subfield>
  </datafield>
  <datafield tag="630" ind1=" " ind2=" ">
    <subfield code="a">Estudiantes</subfield>
  </datafield>
  <datafield tag="630" ind1=" " ind2=" ">
    <subfield code="a">Incidencia</subfield>
  </datafield>
  <datafield tag="630" ind1=" " ind2=" ">
    <subfield code="a">Participaci&#xF3;n</subfield>
  </datafield>
  <datafield tag="650" ind1=" " ind2=" ">
    <subfield code="a">Evaluaci&#xF3;n</subfield>
  </datafield>
  <datafield tag="690" ind1=" " ind2=" ">
    <subfield code="a">Elaborado</subfield>
  </datafield>
  <datafield tag="700" ind1=" " ind2=" ">
    <subfield code="e">asesor</subfield>
    <subfield code="a">Encarnaci&#xF3;n, Juana</subfield>
  </datafield>
  <datafield tag="700" ind1=" " ind2=" ">
    <subfield code="e">autor</subfield>
    <subfield code="a">Mateo Calder&#xF3;n, Jos&#xE9; Manuel </subfield>
  </datafield>
  <datafield tag="700" ind1=" " ind2=" ">
    <subfield code="e">autor</subfield>
    <subfield code="a">G&#xF3;mez Ubiera, Ram&#xF3;n Oscar</subfield>
  </datafield>
  <datafield tag="901" ind1=" " ind2=" ">
    <subfield code="a">{"1":"Mateo Calder&#xF3;n","2":"G&#xF3;mez Ubiera"}</subfield>
    <subfield code="b">{"1":"Jos&#xE9; Manuel ","2":"Ram&#xF3;n Oscar"}</subfield>
  </datafield>
  <datafield tag="902" ind1=" " ind2=" ">
    <subfield code="a">1</subfield>
  </datafield>
  <datafield tag="903" ind1=" " ind2=" ">
    <subfield code="a">{"1":"Encarnaci&#xF3;n"}</subfield>
    <subfield code="b">{"1":"Juana"}</subfield>
  </datafield>
  <datafield tag="904" ind1=" " ind2=" ">
    <subfield code="a">Maestr&#xED;a en</subfield>
  </datafield>
  <datafield tag="905" ind1=" " ind2=" ">
    <subfield code="a">Ense&#xF1;anza Superior</subfield>
  </datafield>
  <datafield tag="906" ind1=" " ind2=" ">
    <subfield code="a">2</subfield>
  </datafield>
  <datafield tag="907" ind1=" " ind2=" ">
    <subfield code="a">NO APLICA</subfield>
  </datafield>
  <datafield tag="908" ind1=" " ind2=" ">
    <subfield code="a">NO APLICA</subfield>
  </datafield>
  <datafield tag="909" ind1=" " ind2=" ">
    <subfield code="a">Universidad Aut&#xF3;noma de Santo Domingo (UASD)</subfield>
  </datafield>
  <datafield tag="910" ind1=" " ind2=" ">
    <subfield code="a">NULL</subfield>
    <subfield code="b">NULL</subfield>
  </datafield>
  <datafield tag="911" ind1=" " ind2=" ">
    <subfield code="a">["1"]</subfield>
  </datafield>
  <datafield tag="912" ind1=" " ind2=" ">
    <subfield code="a">NO APLICA</subfield>
  </datafield>
  <datafield tag="913" ind1=" " ind2=" ">
    <subfield code="a">NULL</subfield>
  </datafield>
  <datafield tag="914" ind1=" " ind2=" ">
    <subfield code="a">05 de Septiembre de 2011</subfield>
  </datafield>
  <datafield tag="915" ind1=" " ind2=" ">
    <subfield code="a">07/07/15 11:07</subfield>
  </datafield>
  <datafield tag="916" ind1=" " ind2=" ">
    <subfield code="a">NULL</subfield>
  </datafield>
  <datafield tag="917" ind1=" " ind2=" ">
    <subfield code="a">NULL</subfield>
  </datafield>
  <datafield tag="918" ind1=" " ind2=" ">
    <subfield code="a">NO APLICA</subfield>
  </datafield>
  <datafield tag="919" ind1=" " ind2=" ">
    <subfield code="a">["62","94","96","209","151"]</subfield>
  </datafield>
  <datafield tag="520" ind1=" " ind2=" ">
    <subfield code="a">Esta investigaci&#xF3;n se plante&#xF3; como objetivo principal &#xA0;determinar la incidencia del desempe&#xF1;o de los docentes del CURE-UASD frente a los estudiantes en el sal&#xF3;n de clases, seg&#xFA;n la percepci&#xF3;n de los estudiantes que participaron en el curso de verano impartido durante el semestre 2011-1.Esta investigaci&#xF3;n es de tipo descriptiva. El m&#xE9;todo empleado fue &#xA0;el anal&#xED;tico &#xA0;descriptivo. Como instrumento se utiliz&#xF3; el cuestionario. Las t&#xE9;cnicas empleadas fueron la revisi&#xF3;n documental y el an&#xE1;lisis de datos.La poblaci&#xF3;n &#xA0;de esta investigaci&#xF3;n &#xA0;fueron 380 estudiantes y 7 profesores, residentes, que imparten el verano en el CURE, &#xA0;para muestra se extrajo 92 estudiantes y 6 docente.Se comprob&#xF3; que los profesores desarrollan las asignaturas desde un enfoque profesional, a trav&#xE9;s de ejemplos y teor&#xED;as en las tem&#xE1;ticas desarrolladas en la asignatura en beneficio de los estudiantes y la retroalimentaci&#xF3;n de los temas tratados en clase. &#xA0; Esta es una de las competencias mostradas por los profesores para la ense&#xF1;anza de las asignaturas. &#xA0;El nivel de motivaci&#xF3;n y el estilo interpersonal del docente frente a los estudiantes en el aula, tiene gran incidencia y queda reflejado en el 86% de los estudiantes, que &#xA0;dicen, &#xA0;que siempre el profesor transmite ideas claras y precisas al momento de tratar los temas de clase, adem&#xE1;s que prestan atenci&#xF3;n a los comentarios hechos &#xA0;por estudiantes, esto permite un acercamiento de los alumnos al maestro y un mejor aprendizaje. Todo conduce a una estrecha relaci&#xF3;n interpersonal entre el profesor y el alumno, quedando evidenciado que entre ellos existe el respeto mutuo.</subfield>
  </datafield>
  <datafield tag="921" ind1=" " ind2=" ">
    <subfield code="a">16</subfield>
  </datafield>
  <datafield tag="922" ind1=" " ind2=" ">
    <subfield code="a">16</subfield>
  </datafield>
  <datafield tag="923" ind1=" " ind2=" ">
    <subfield code="a">0</subfield>
  </datafield>
  <datafield tag="924" ind1=" " ind2=" ">
    <subfield code="a">NO APLICA</subfield>
  </datafield>
  <datafield tag="942" ind1=" " ind2=" ">
    <subfield code="c">Tesis</subfield>
  </datafield>
  <datafield tag="999" ind1=" " ind2=" ">
    <subfield code="c">868</subfield>
    <subfield code="d">868</subfield>
  </datafield>
</record>
